| 000 | 01091nac a22003497a 4500 | ||
|---|---|---|---|
| 001 | BR0705641 | ||
| 003 | BR-BrBNA | ||
| 005 | 20240105123514.0 | ||
| 008 | 230509b bl.|||m| |||| 00| 0 por d | ||
| 040 |
_aBR-BrBNA _bpor _cBiblioteca Nacional de Agricultura |
||
| 072 | _aE11; P32 | ||
| 090 | _a0230 BR0705641 | ||
| 100 | 1 | _aAmaral, E.F. do | |
| 100 | 1 | _aBardales, N.G. | |
| 100 | 1 | _aAmaral, E.F. do | |
| 100 | 1 | _aAraújo, E.A. de | |
| 100 | 1 | _aPinheiro, C.L.S. | |
| 100 | 1 | _aSouza, A. de | |
| 110 | 1 |
_aEMBRAPA Acre, Rio Branco, AC (Brasil) _93527 |
|
| 245 | 1 | _aAptidão dos solos do Acre para o cultivo da cana-de-açucar (Saccaharum officinarum L.) | |
| 260 | 3 |
_aRio Branco, AC (Brasil): _c2001. |
|
| 300 | _a7 p. | ||
| 490 |
_aComunicado Técnico - EMBRAPA Acre (Brazil) _vno. 143 _xISSN 0100-8668 |
||
| 500 | _a7 ref. | ||
| 650 | _aCANA DE AÇÚCAR | ||
| 650 | _aAPTIDÃO AGRÍCOLA | ||
| 650 | _aCLASSIFICAÇÃO DO SOLO | ||
| 650 | _aPROPRIEDADE FÍSICO-QUÍMICA | ||
| 650 | _aACRE | ||
| 909 |
_a202312 _bLúcia Elande _c55 _dLúcia Elande |
||
| 942 |
_2AGRIS _n0 _cMS |
||
| 999 |
_c295770 _d295770 |
||